Management in Government (Record no. 343660)

000 -LEADER
fixed length control field 00402 a2200145 4500
020 ## - INTERNATIONAL STANDARD BOOK NUMBER
International Standard Book Number 8170996503
082 ## - DEWEY DECIMAL CLASSIFICATION NUMBER
Classification number 352.5
090 ## - LOCALLY ASSIGNED LC-TYPE CALL NUMBER (OCLC); LOCAL CALL NUMBER (RLIN)
-- 1130
-- 1130
100 ## - MAIN ENTRY--PERSONAL NAME
Personal name Dayal R.
245 ## - TITLE STATEMENT
Title Management in Government
Remainder of title Encyclopedia of Economics Commerece and Management
Statement of responsibility, etc. R. Dayal
Medium P. Zachariah
250 ## - EDITION STATEMENT
Edition statement 16
260 ## - PUBLICATION, DISTRIBUTION, ETC.
Place of publication, distribution, etc. New Delhi
Name of publisher, distributor, etc. Mittal Publications
Date of publication, distribution, etc. 1996
300 ## - PHYSICAL DESCRIPTION
Extent 371
942 ## - ADDED ENTRY ELEMENTS (KOHA)
Institution code [OBSOLETE] NBS
Koha item type Book
Call number prefix 352.5 AYA
Holdings
Withdrawn status Lost status Damaged status Not for loan Permanent Location Current Location Date acquired Total Checkouts Full call number Barcode Date last seen Date last checked out Price effective from Koha item type
        Central Library (CL) Central Library (CL) 08/28/2013 1 352.5 AYA NBS2362 06/04/2024 08/22/2017 08/28/2013 Book
© 2023 Central Library, National University of Sciences and Technology. All Rights Reserved.